[Event "SLO-chT2 East"]
[Site "Slovenia"]
[Date "2018.11.13"]
[Round "6"]
[White "Gricnik, Tine"]
[Black "Suta, Tomaz"]
[Result "1-0"]
[WhiteElo "1605"]
[BlackElo "1787"]
[PlyCount "97"]
[EventDate "2018.09.15"]
[EventType "team-tourn"]
[EventRounds "9"]
[EventCountry "SLO"]
[SourceTitle "EXT 2021"]
[Source "ChessBase"]
[SourceDate "2020.10.23"]
[SourceVersion "1"]
[SourceVersionDate "2020.10.23"]
[SourceQuality "1"]
[WhiteTeam "Ruse Messer"]
[BlackTeam "Ptuj SD II"]
[WhiteTeamCountry "SLO"]
[BlackTeamCountry "SLO"]

1. d4 Nf6 2. c4 g6 3. Nc3 Bg7 4. Nf3 0-0 5. e4 d6 6. Be2 e5 7. dxe5 dxe5 8. Qxd8 Rxd8 9. Bg5 Re8 10. Nd5 Nxd5 11. cxd5 f5 12. Nd2 Bf8 13. f3 h6 14. Be3 Nd7 15. Rc1 f4 16. Bf2 Bd6 17. g3 a6 18. a3 g5 19. h4 fxg3 20. Bxg3 Nf6 21. hxg5 hxg5 22. Bf2 Kf7 23. Bc5 g4 24. Bxd6 cxd6 25. Rc7+ Re7 26. Rxe7+ Kxe7 27. Rg1 gxf3 28. Bxf3 Ne8 29. Bh5 Bd7 30. Rg8 Rd8 31. Nc4 Bb5 32. Ne3 Kd7 33. Nf5 Kc7 34. Rf8 Bd7 35. Rf7 Kc8 36. Bg4 Kb8 37. Kd2 Nc7 38. Rf6 Ne8 39. Rf8 Kc7 40. Ke3 Ng7 41. Rf7 Ne8 42. Kf3 b6 43. Ng7 Nxg7 44. Rxg7 Kc8 45. Bxd7+ Rxd7 46. Rxd7 Kxd7 47. Kg4 Ke7 48. Kf5 Kf7 49. b3 1-0

[Event "SLO-chT2 East"]
[Site "Slovenia"]
[Date "2017.10.21"]
[Round "5"]
[White "Ojstersek, Jurij"]
[Black "Suta, Tomaz"]
[Result "1/2-1/2"]
[WhiteElo "1409"]
[BlackElo "1745"]
[PlyCount "66"]
[EventDate "2017.09.30"]
[EventType "team-tourn"]
[EventRounds "9"]
[EventCountry "SLO"]
[SourceTitle "EXT 2019"]
[Source "ChessBase"]
[SourceDate "2018.10.10"]
[SourceVersion "1"]
[SourceVersionDate "2018.10.10"]
[SourceQuality "1"]

1. e4 e5 2. f4 exf4 3. Nf3 d6 4. d4 g5 5. h4 f6 6. Nxg5 fxg5 7. Qh5+ Kd7 8. hxg5 Qe8 9. Qg4+ Kd8 10. Qxf4 Bg7 11. Be3 Nc6 12. Bb5 Bd7 13. Bxc6 Bxc6 14. Nc3 Ne7 15. 0-0-0 Ng6 16. Qg4 Bd7 17. Qg3 Be6 18. Rhf1 Rf8 19. Rxf8 Qxf8 20. Rh1 Qh8 21. Qf2 Ke7 22. Qd2 c6 23. a3 b6 24. Ne2 c5 25. e5 cxd4 26. exd6+ Kxd6 27. Nxd4 Bxd4 28. Bxd4 Qg8 29. Bf6+ Kc6 30. Qc3+ Kb7 31. Rd1 Rc8 32. Qf3+ Kb8 33. Qg3+ Kb7 1/2-1/2

[Event "Maribor Pirc Memorial op 20th"]
[Site "Maribor"]
[Date "2017.06.29"]
[Round "6"]
[White "Suta, Tomaz"]
[Black "Murko, David"]
[Result "0-1"]
[WhiteElo "1768"]
[BlackElo "2094"]
[PlyCount "92"]
[EventDate "2017.06.24"]
[EventType "swiss"]
[EventRounds "9"]
[EventCountry "SLO"]
[SourceTitle "CBM 179 Extra"]
[Source "ChessBase"]
[SourceDate "2017.08.23"]
[SourceVersion "1"]
[SourceVersionDate "2017.08.23"]
[SourceQuality "1"]

1. e4 c5 2. Nf3 d6 3. d4 cxd4 4. Nxd4 Nf6 5. Nc3 Nc6 6. Nde2 e6 7. g3 Be7 8. Bg2 0-0 9. 0-0 a6 10. a4 Qc7 11. h3 b6 12. Be3 Bb7 13. Rc1 Ne5 14. b3 Rac8 15. Qd4 Ned7 16. f4 Nh5 17. g4 Bf6 18. Qd1 Ng3 19. Nxg3 Bxc3 20. Bd4 Rfd8 21. Rf3 Bxd4+ 22. Qxd4 b5 23. axb5 axb5 24. c4 Qc5 25. Qxc5 Rxc5 26. Rfc3 Rdc8 27. Ne2 bxc4 28. bxc4 Ba6 29. Nd4 Bxc4 30. f5 Ba6 31. Rxc5 Nxc5 32. fxe6 fxe6 33. Bf1 Bxf1 34. Kxf1 Rb8 35. e5 dxe5 36. Rxc5 exd4 37. Rc7 Rb3 38. Re7 Re3 39. Rd7 e5 40. Kg2 h6 41. h4 d3 42. Kf2 Re2+ 43. Kf3 e4+ 44. Kf4 d2 45. Kf5 e3 46. Kg6 Kf8 0-1

[Event "Maribor Pirc Memorial op 20th"]
[Site "Maribor"]
[Date "2017.06.24"]
[Round "1"]
[White "Suta, Tomaz"]
[Black "Skuhala, Jernej"]
[Result "0-1"]
[WhiteElo "1768"]
[BlackElo "2306"]
[PlyCount "60"]
[EventDate "2017.06.24"]
[EventType "swiss"]
[EventRounds "9"]
[EventCountry "SLO"]
[SourceTitle "CBM 179 Extra"]
[Source "ChessBase"]
[SourceDate "2017.08.23"]
[SourceVersion "1"]
[SourceVersionDate "2017.08.23"]
[SourceQuality "1"]

1. e4 c5 2. Nf3 d6 3. d4 cxd4 4. Nxd4 Nf6 5. Nc3 a6 6. g3 g6 7. Bg2 Bg7 8. 0-0 0-0 9. Nd5 Nbd7 10. c4 Ne5 11. Qc2 Bd7 12. b4 Rc8 13. c5 dxc5 14. bxc5 Nc6 15. Nxc6 Rxc6 16. Nxf6+ Bxf6 17. e5 Bxe5 18. Bxc6 Bxc6 19. Rd1 Qc8 20. Bb2 Bxb2 21. Qxb2 Qf5 22. f4 Qe4 23. Rd2 Qh1+ 24. Kf2 Qxh2+ 25. Kf1 Qh1+ 26. Ke2 Qf3+ 27. Ke1 Qxg3+ 28. Rf2 Qg1+ 29. Ke2 Qg4+ 30. Ke1 Bb5 0-1

[Event "SLO-ch U18"]
[Site "Ptuj"]
[Date "2017.03.03"]
[Round "7"]
[White "Zamar Kodelja, Jurij"]
[Black "Suta, Tomaz"]
[Result "1-0"]
[WhiteElo "2214"]
[BlackElo "1751"]
[PlyCount "61"]
[EventDate "2017.02.25"]
[EventType "swiss"]
[EventRounds "7"]
[EventCountry "SLO"]
[SourceTitle "CBM 177 Extra"]
[Source "ChessBase"]
[SourceDate "2017.04.27"]
[SourceVersion "1"]
[SourceVersionDate "2017.04.27"]
[SourceQuality "1"]

1. d4 Nf6 2. c4 g6 3. Nc3 Bg7 4. Nf3 0-0 5. g3 d6 6. Bg2 Nc6 7. 0-0 a6 8. Bf4 Rb8 9. d5 Na5 10. Nd2 c5 11. dxc6 bxc6 12. Rb1 c5 13. Qc2 Bb7 14. e4 Nc6 15. Nf3 Nd7 16. h4 Nde5 17. Bxe5 Nxe5 18. Nxe5 Bxe5 19. f4 Bxc3 20. Qxc3 Qc7 21. h5 e5 22. Rf2 Bc8 23. hxg6 hxg6 24. Qd3 Be6 25. f5 Bd7 26. Rd1 Rb6 27. b3 gxf5 28. exf5 f6 29. Bd5+ Kg7 30. Qf3 Be8 31. Qg4+ 1-0

[Event "Gyor op-A 7th"]
[Site "Gyor"]
[Date "2016.07.09"]
[Round "7"]
[White "Joba, Arpad"]
[Black "Suta, Tomaz"]
[Result "1/2-1/2"]
[WhiteElo "1980"]
[BlackElo "1618"]
[PlyCount "49"]
[EventDate "2016.07.06"]
[EventType "swiss"]
[EventRounds "9"]
[EventCountry "HUN"]
[SourceTitle "EXT 2017"]
[Source "ChessBase"]
[SourceDate "2016.10.25"]
[SourceVersion "1"]
[SourceVersionDate "2016.10.25"]
[SourceQuality "1"]

1. e4 e5 2. Nf3 Nc6 3. Bb5 a6 4. Ba4 b5 5. Bb3 Na5 6. 0-0 d6 7. d4 Nxb3 8. axb3 exd4 9. Nxd4 Bb7 10. Re1 Nf6 11. Nc3 Be7 12. Nf5 0-0 13. f3 h6 14. Be3 Re8 15. Qd2 Bf8 16. Rad1 Bc8 17. Ng3 Be6 18. Qf2 Qd7 19. h3 Rad8 20. e5 Nh7 21. f4 Qc6 22. exd6 Bxd6 23. Nce4 Be7 24. Bd4 Bh4 25. Nc5 1/2-1/2